El proyecto genoma humano: algunas reflexiones sobre sus relaciones con el derecho

Saved in:
Bibliografiske detaljer
Hovedforfatter: Aparisi Miralles, Angela (Author)
Format: Bog
Sprog:spansk
Udgivet: Valencia Tirant lo Blanch 1997
Serier:Propuestas
Fag:
Tags: Tilføj Tag
Ingen Tags, Vær først til at tagge denne postø!

MARC

LEADER 00000nam a2200000 a 4500
001 UCO5339
003 CL-VaPUC
008 000901e19970000SP |||||||||||||||||spa|d
082 0 4 |a 344.041  |b APA  |2 21 
100 0 |a Aparisi Miralles, Angela  |e author  |9 450124 
245 1 3 |a El proyecto genoma humano: algunas reflexiones sobre sus relaciones con el derecho 
300 |a 175 p 
942 |c BK 
945 |d 20000901 00:00:00  |a vberengu 
260 |a Valencia  |b Tirant lo Blanch  |c 1997 
650 0 |a Derechos humanos  |9 223025 
650 0 |a Etica y derecho  |9 341370 
650 7 |a PROYECTO GENOMA HUMANO  |2 CL-VaPUC  |9 441949 
583 |a last modification  |c 20000901 00:00:00  |k Rodrigo Vera 
490 0 |a Propuestas 
999 |c 291233  |d 291231 
952 |0 0  |1 0  |4 0  |6 344_041000000000000_APA_1997  |7 0  |8 DER_TF  |9 341029  |a BIBDER  |b BIBDER  |d 2019-11-20  |i 3647390  |l 1  |o 344.041 APA 1997  |p 3647390  |r 2023-01-25  |s 2020-03-16  |w 2019-11-20  |x Ubicación 4to Piso  |y BK  |z Estos recursos deben solicitarse con anticipación  |k DER